[Event "4NCL/Div4/LEICS vs. WEA1"]
[Site "Sunningdale ENG"]
[Date "2007.05.26"]
[Round "9.5"]
[White "Mapletoft, Alexander J"]
[Black "Squibbs, Adam"]
[Result "1-0"]
[WhiteElo "1880"]
[BlackElo "1635"]
[PlyCount "47"]
[EventDate "2007.05.26"]
[EventType "team"]
[EventRounds "11"]
[EventCountry "ENG"]
[WhiteTeam "Leicester"]
[BlackTeam "W Collective 1"]

1. e4 c5 2. Nf3 d6 3. d4 cxd4 4. Nxd4 Nf6 5. Nc3 g6 6. f3 Bg7 7. Be3 O-O 8. Qd2
Nc6 9. O-O-O Bd7 10. g4 a6 11. h4 h5 12. gxh5 Nxh5 13. Nxc6 bxc6 14. Bh6 Rb8
15. Bxg7 Nxg7 16. Bc4 Qa5 17. Rdg1 Kh7 18. h5 Nxh5 19. Rg5 Qb6 20. Rhxh5+ Kg7
21. Rxg6+ fxg6 22. Qh6+ Kf6 23. e5+ dxe5 24. Ne4# 1-0

[Event "4NCL/Div4/LEICS vs. WEA1"]
[Site "Sunningdale ENG"]
[Date "2007.05.26"]
[Round "9.6"]
[White "Fryer, Keiran"]
[Black "Hewitt, Graham"]
[Result "0-1"]
[WhiteElo "1465"]
[BlackElo "1730"]
[PlyCount "42"]
[EventDate "2007.05.26"]
[EventType "team"]
[EventRounds "11"]
[EventCountry "ENG"]
[WhiteTeam "W Collective 1"]
[BlackTeam "Leicester"]

1. e4 c5 2. g3 Nc6 3. Bg2 d6 4. d3 g6 5. Nc3 Bg7 6. Be3 a6 7. Qd2 Rb8 8. Rb1
Nf6 9. h3 Bd7 10. Nge2 Qc8 11. Nf4 e6 12. d4 cxd4 13. Bxd4 e5 14. Bxe5 dxe5 15.
Nfd5 O-O 16. Nb6 Qd8 17. O-O Qxb6 18. Nd5 Nxd5 19. exd5 Ne7 20. a3 Nf5 21. b4
Nxg3 0-1

[Event "4NCL/Div4/ATH1 vs. KSP"]
[Site "Sunningdale ENG"]
[Date "2007.05.26"]
[Round "9.1"]
[White "Quinn, John M"]
[Black "Healey, Michael"]
[Result "1-0"]
[WhiteElo "2142"]
[BlackElo "2012"]
[PlyCount "82"]
[EventDate "2007.05.26"]
[EventType "team"]
[EventRounds "11"]
[EventCountry "ENG"]
[WhiteTeam "Athenaeum 1"]
[BlackTeam "King supp Pawn"]

1. d4 Nf6 2. c4 Nc6 3. Nf3 e6 4. Nc3 Bb4 5. Qc2 h6 6. e3 Bxc3+ 7. Qxc3 Ne4 8.
Qc2 f5 9. a3 O-O 10. b4 a5 11. b5 Ne7 12. Bd3 Nf6 13. Bb2 a4 14. O-O b6 15. Nd2
Bb7 16. f3 Qe8 17. Rae1 Qh5 18. e4 f4 19. Qc3 Ng6 20. e5 Ne8 21. d5 Ne7 22. Qd4
Qf7 23. d6 cxd6 24. Qxb6 Rb8 25. Qa7 Nc7 26. exd6 Nxb5 27. cxb5 Nd5 28. Qxa4
Qh5 29. Qd4 Nf6 30. a4 Rbc8 31. Rc1 Rfe8 32. Qxf4 Qd5 33. Qd4 Qg5 34. Ne4 Bxe4
35. Bxe4 e5 36. Qf2 Rf8 37. Rxc8 Rxc8 38. b6 Rf8 39. Qc2 Qe3+ 40. Qf2 Qb3 41.
Bc2 Qb4 1-0

[Event "4NCL/Div4/ATH1 vs. KSP"]
[Site "Sunningdale ENG"]
[Date "2007.05.26"]
[Round "9.2"]
[White "Davies, Matthew"]
[Black "Wade, Robert G"]
[Result "0-1"]
[WhiteElo "1960"]
[BlackElo "2155"]
[PlyCount "106"]
[EventDate "2007.05.26"]
[EventType "team"]
[EventRounds "11"]
[EventCountry "ENG"]
[WhiteTeam "King supp Pawn"]
[BlackTeam "Athenaeum 1"]

1. d4 d6 2. Nf3 Bg4 3. c4 e6 4. Nc3 Be7 5. e4 Nc6 6. Be3 Bf6 7. Be2 Nge7 8. O-O
Ng6 9. Rc1 O-O 10. Ne1 Bxe2 11. Nxe2 e5 12. d5 Nb8 13. b4 Bg5 14. Qd2 Bxe3 15.
Qxe3 a5 16. a3 axb4 17. axb4 Qd7 18. Nc3 f5 19. f3 fxe4 20. Nxe4 Nh4 21. Nc2
Nf5 22. Qb3 Qe7 23. Ra1 Nd7 24. Qc3 b6 25. Qd2 h6 26. Qd3 Qf7 27. Ne3 Nxe3 28.
Qxe3 Nf6 29. Nxf6+ Qxf6 30. Rfe1 Rxa1 31. Rxa1 e4 32. Re1 exf3 33. Qe6+ Qxe6
34. Rxe6 fxg2 35. Kxg2 Kf7 36. Re4 Ra8 37. c5 bxc5 38. bxc5 Ra5 39. cxd6 cxd6
40. Rd4 Kf6 41. h4 Ke5 42. Rg4 Ra7 43. Kf3 Rf7+ 44. Ke3 Kxd5 45. Rg6 Ke5 46.
Kd3 Ra7 47. Ke3 d5 48. Kd3 Ra3+ 49. Kd2 Rh3 50. Rxg7 Rxh4 51. Re7+ Kd4 52. Ra7
Rh2+ 53. Ke1 h5 0-1

[Event "4NCL/Div4/ATH1 vs. KSP"]
[Site "Sunningdale ENG"]
[Date "2007.05.26"]
[Round "9.3"]
[White "Stevenson, James A B"]
[Black "Zhu, Yao Yao"]
[Result "1-0"]
[WhiteElo "2078"]
[BlackElo "2000"]
[PlyCount "67"]
[EventDate "2007.05.26"]
[EventType "team"]
[EventRounds "11"]
[EventCountry "ENG"]
[WhiteTeam "Athenaeum 1"]
[BlackTeam "King supp Pawn"]

1. d4 d5 2. c4 e6 3. Nc3 c6 4. e3 Bd6 5. Bd3 Nd7 6. Nf3 f5 7. cxd5 cxd5 8. Bd2
a6 9. Rc1 b6 10. Qa4 Bb7 11. O-O Ngf6 12. Ne2 O-O 13. Bb4 Qe7 14. Bxd6 Qxd6 15.
Rc2 Rac8 16. Rfc1 Rxc2 17. Rxc2 Ne4 18. b4 b5 19. Qb3 e5 20. Nxe5 Nxe5 21. dxe5
Qxe5 22. Qb2 Qe7 23. Qd4 Rf6 24. Nf4 Rh6 25. Qa7 Nd6 26. Nxd5 Qe8 27. Nf4 g5
28. Ne2 Bd5 29. Rc7 Qh5 30. Qb8+ Ne8 31. Rc8 Kf8 32. Bxf5 Rf6 33. Qe5 Qf7 34.
Rxe8+ 1-0

[Event "4NCL/Div4/ATH1 vs. KSP"]
[Site "Sunningdale ENG"]
[Date "2007.05.26"]
[Round "9.4"]
[White "Parry, Matthew"]
[Black "Gruettner, Ralf"]
[Result "0-1"]
[WhiteElo "1677"]
[BlackElo "2050"]
[PlyCount "102"]
[EventDate "2007.05.26"]
[EventType "team"]
[EventRounds "11"]
[EventCountry "ENG"]
[WhiteTeam "King supp Pawn"]
[BlackTeam "Athenaeum 1"]

1. d4 Nf6 2. Nf3 g6 3. e3 Bg7 4. Bd3 O-O 5. Nbd2 d6 6. O-O Nc6 7. c3 e5 8. Bb1
Nh5 9. dxe5 dxe5 10. Qb3 Rb8 11. Be4 Be6 12. Qb5 Bd7 13. Qb3 Kh8 14. Bd5 Qe7
15. Qc4 f5 16. Nb3 Nf6 17. Rd1 Nxd5 18. Qxd5 Be6 19. Qc5 Rfd8 20. Rd2 Qf6 21.
e4 Bf8 22. Rxd8 Qxd8 23. Qe3 f4 24. Qd2 Qf6 25. Nxe5 Qxe5 26. Qxf4 Qxf4 27.
Bxf4 Bxb3 28. axb3 Bd6 29. Be3 a6 30. f4 Kg8 31. Rd1 Rd8 32. e5 Be7 33. Bd2
Bc5+ 34. Kf1 Be3 35. Ke2 Bxd2 36. Rxd2 Rxd2+ 37. Kxd2 Kf7 38. Kd3 Ke6 39. Ke4
h5 40. g3 Na5 41. b4 Nc4 42. h3 Nxb2 43. g4 hxg4 44. hxg4 Na4 45. f5+ gxf5+ 46.
gxf5+ Ke7 47. c4 Nb6 48. c5 Nc8 49. Kd5 Na7 50. Ke4 Nc6 51. f6+ Ke6 0-1

[Event "4NCL/Div4/ATH1 vs. KSP"]
[Site "Sunningdale ENG"]
[Date "2007.05.26"]
[Round "9.5"]
[White "McKeown, Paul"]
[Black "Smith, Stuart"]
[Result "1-0"]
[WhiteElo "2074"]
[BlackElo "1690"]
[PlyCount "67"]
[EventDate "2007.05.26"]
[EventType "team"]
[EventRounds "11"]
[EventCountry "ENG"]
[WhiteTeam "Athenaeum 1"]
[BlackTeam "King supp Pawn"]

1. d4 Nf6 2. c4 e6 3. Nc3 Bb4 4. Nf3 O-O 5. Bg5 h6 6. Bh4 Be7 7. e3 c6 8. Bd3
d5 9. O-O Nbd7 10. Rc1 b6 11. cxd5 cxd5 12. Bg3 Nh5 13. Bf4 Nxf4 14. exf4 Bd6
15. Ne5 Nxe5 16. fxe5 Bb8 17. f4 f5 18. g4 g6 19. Kh1 Kh8 20. gxf5 gxf5 21. Qh5
Kh7 22. Rg1 Qe8 23. Qh4 a5 24. Rg3 Rg8 25. Bb5 Qf8 26. Rxg8 Qxg8 27. Qe7+ Qg7
28. Qd8 Bc7 29. Qh4 Bb7 30. Rg1 Qf7 31. Be2 Rg8 32. Rxg8 Qxg8 33. Qe7+ Qg7 34.
Qxe6 1-0

[Event "4NCL/Div4/ATH1 vs. KSP"]
[Site "Sunningdale ENG"]
[Date "2007.05.26"]
[Round "9.6"]
[White "Griffiths, Hywel"]
[Black "Kay, Jonathan"]
[Result "1/2-1/2"]
[WhiteElo "1619"]
[BlackElo "2000"]
[PlyCount "154"]
[EventDate "2007.05.26"]
[EventType "team"]
[EventRounds "11"]
[EventCountry "ENG"]
[WhiteTeam "King supp Pawn"]
[BlackTeam "Athenaeum 1"]

1. b4 e5 2. Bb2 Bxb4 3. Bxe5 Nf6 4. Nf3 Nc6 5. c3 Ba5 6. e3 Nxe5 7. Nxe5 c6 8.
Be2 d5 9. O-O O-O 10. d4 Ne4 11. c4 Bc7 12. Nf3 Be6 13. Qc2 f5 14. Nbd2 Qf6 15.
Bd3 Rac8 16. cxd5 cxd5 17. Qb3 Rf7 18. Rac1 g5 19. Rc2 Nxd2 20. Nxd2 g4 21. g3
h5 22. f4 Qd8 23. Rfc1 Bb6 24. Rxc8 Bxc8 25. Qc2 Rc7 26. Qb2 Rxc1+ 27. Qxc1 Qc7
28. Qxc7 Bxc7 29. Kg2 Kf7 30. h3 Bd7 31. hxg4 hxg4 32. Kf2 Ba5 33. Nb3 Bb4 34.
Be2 Ke7 35. Nc1 Ba3 36. Nd3 Ba4 37. Ne5 b5 38. Nc6+ Ke6 39. Nxa7 b4 40. Bb5 Bc2
41. Nc6 Bb1 42. Ba4 Bxa2 43. Na5 Bc4 44. Nb3 Kd6 45. Ke1 Kc7 46. Kd2 Kb6 47.
Nc5 Bb2 48. Bc2 Bc3+ 49. Kd1 Kb5 50. Bxf5 b3 51. Bxg4 b2 52. Bf5 Ba2 53. g4 Ba5
54. Ke2 b1=Q 55. Bxb1 Bxb1 56. Kf3 Bc2 57. f5 Bd1+ 58. Kf4 Bc7+ 59. Kg5 Bd8+
60. f6 Bxf6+ 61. Kxf6 Bxg4 62. Ke5 Bf3 63. Ne6 Kc4 64. Nf4 Be4 65. Nxd5 Kd3 66.
Nf6 Bb7 67. Kf4 Kc4 68. d5 Bxd5 69. Nxd5 Kxd5 70. Kf5 Kd6 71. e4 Ke7 72. e5 Kf7
73. e6+ Ke7 74. Ke5 Ke8 75. Kd6 Kd8 76. Kd5 Ke7 77. Ke5 Ke8 1/2-1/2

[Event "4NCL/Div4/PPA2 vs. OXF3"]
[Site "Sunningdale ENG"]
[Date "2007.05.26"]
[Round "9.1"]
[White "Dignam, Matthew"]
[Black "Ludbrook, Matt"]
[Result "1-0"]
[WhiteElo "2125"]
[BlackElo "2035"]
[PlyCount "55"]
[EventDate "2007.05.26"]
[EventType "team"]
[EventRounds "11"]
[EventCountry "ENG"]
[WhiteTeam "Poisnd Pawns 2"]
[BlackTeam "Oxford 3"]

1. d4 Nf6 2. c4 c5 3. dxc5 Qa5+ 4. Nc3 Qxc5 5. e4 d6 6. Be3 Qa5 7. f3 Nc6 8.
Qd2 Be6 9. g4 Nd7 10. h3 h5 11. f4 Nc5 12. f5 Nb3 13. axb3 Qxa1+ 14. Kf2 Bd7
15. g5 Qa5 16. Nf3 O-O-O 17. Be2 Kb8 18. b4 Nxb4 19. Nd5 Nc6 20. b4 Qa3 21. b5
Ne5 22. Qd4 Nxf3 23. Bxf3 e6 24. Ra1 Qc5 25. Qd3 exd5 26. Bxc5 dxc5 27. Qxd5
Be7 28. Qe5+ 1-0

[Event "4NCL/Div4/PPA2 vs. OXF3"]
[Site "Sunningdale ENG"]
[Date "2007.05.26"]
[Round "9.2"]
[White "Burt, Will"]
[Black "Bailey, Kevin"]
[Result "0-1"]
[WhiteElo "2060"]
[BlackElo "2101"]
[PlyCount "30"]
[EventDate "2007.05.26"]
[EventType "team"]
[EventRounds "11"]
[EventCountry "ENG"]
[WhiteTeam "Oxford 3"]
[BlackTeam "Poisnd Pawns 2"]

1. e4 e5 2. f4 Bc5 3. Nf3 d6 4. Bc4 Nf6 5. d3 Nc6 6. Nc3 Bg4 7. f5 h6 8. Bd2
Nd4 9. Na4 Nxe4 10. h4 Ng3 11. Bxf7+ Kxf7 12. Nxe5+ dxe5 13. Qxg4 Nxc2+ 14. Kd1
Qxd3 15. Qg6+ Kf8 0-1

[Event "4NCL/Div4/PPA2 vs. OXF3"]
[Site "Sunningdale ENG"]
[Date "2007.05.26"]
[Round "9.3"]
[White "Goodger, Martyn"]
[Black "Terry, Sean"]
[Result "1-0"]
[WhiteElo "2100"]
[BlackElo "2040"]
[PlyCount "83"]
[EventDate "2007.05.26"]
[EventType "team"]
[EventRounds "11"]
[EventCountry "ENG"]
[WhiteTeam "Poisnd Pawns 2"]
[BlackTeam "Oxford 3"]

1. e4 c5 2. Nf3 Nc6 3. c3 e6 4. d4 d5 5. e5 Bd7 6. Be2 Nge7 7. Na3 Ng6 8. h4
Be7 9. h5 Nh4 10. Nxh4 Bxh4 11. h6 g6 12. Nc2 Be7 13. Be3 cxd4 14. cxd4 Qa5+
15. Kf1 O-O 16. a3 a6 17. b4 Qb6 18. Qd2 f6 19. Kg1 fxe5 20. dxe5 Qc7 21. f4 g5
22. fxg5 Qxe5 23. Re1 d4 24. Nxd4 Nxd4 25. Qxd4 Qxd4 26. Bxd4 Bxg5 27. Bf3 Bc6
28. Bxc6 bxc6 29. Rxe6 Rad8 30. Rh5 Bf4 31. g3 Rxd4 32. gxf4 Rfxf4 33. Rg5+ Kf7
34. Rxc6 Rg4+ 35. Rxg4 Rxg4+ 36. Kf2 a5 37. b5 Rg5 38. a4 Rg4 39. Rc7+ Kf6 40.
Rxh7 Rxa4 41. Ra7 Rh4 42. h7 1-0

[Event "4NCL/Div4/PPA2 vs. OXF3"]
[Site "Sunningdale ENG"]
[Date "2007.05.26"]
[Round "9.4"]
[White "Hadi, Justin"]
[Black "McCorry, Robert T"]
[Result "0-1"]
[WhiteElo "1925"]
[BlackElo "2119"]
[PlyCount "78"]
[EventDate "2007.05.26"]
[EventType "team"]
[EventRounds "11"]
[EventCountry "ENG"]
[WhiteTeam "Oxford 3"]
[BlackTeam "Poisnd Pawns 2"]

1. e4 Nc6 2. d4 d5 3. Nc3 dxe4 4. d5 Ne5 5. Qd4 Ng6 6. Qxe4 Nf6 7. Qa4+ Bd7 8.
Qb3 c6 9. Bc4 cxd5 10. Nxd5 Nxd5 11. Bxd5 e6 12. Be4 Qa5+ 13. Bd2 Qe5 14. Qxb7
Rb8 15. Bc3 Bb4 16. Qxb4 Rxb4 17. Bxe5 Rxe4+ 18. Kd2 Nxe5 19. f3 Rd4+ 20. Ke3
Rd5 21. b3 Ke7 22. Ne2 Rc8 23. Nd4 Nc6 24. Nxc6+ Rxc6 25. c4 Re5+ 26. Kf2 Rd6
27. Rhd1 Ra5 28. a4 Raa6 29. Ke3 Rxd1 30. Rxd1 Rb6 31. Rd3 e5 32. c5 Rb4 33.
Kd2 Be6 34. Re3 f6 35. Kc2 a5 36. Rc3 Kd7 37. Rd3+ Rd4 38. Rc3 Kc6 39. Re3 Kxc5
0-1

[Event "4NCL/Div4/PPA2 vs. OXF3"]
[Site "Sunningdale ENG"]
[Date "2007.05.26"]
[Round "9.5"]
[White "Retallick, Lloyd"]
[Black "Zhang, Marco"]
[Result "1-0"]
[WhiteElo "2065"]
[BlackElo "1890"]
[PlyCount "67"]
[EventDate "2007.05.26"]
[EventType "team"]
[EventRounds "11"]
[EventCountry "ENG"]
[WhiteTeam "Poisnd Pawns 2"]
[BlackTeam "Oxford 3"]

1. d4 Nf6 2. c4 e5 3. dxe5 Ng4 4. Bf4 Bb4+ 5. Nd2 Qe7 6. Ngf3 Nc6 7. e3 Ngxe5
8. Nxe5 Nxe5 9. Be2 Qd6 10. a3 Bxd2+ 11. Qxd2 Qxd2+ 12. Kxd2 d6 13. c5 Be6 14.
cxd6 cxd6 15. Rac1 Bd5 16. Bb5+ Nc6 17. e4 Bb3 18. Rc3 Be6 19. Bxd6 a6 20.
Bxc6+ bxc6 21. Rxc6 f6 22. Ke3 Kf7 23. Rc7+ Kg6 24. f4 Bb3 25. f5+ Kh6 26. h4
Rhd8 27. Bf4+ Kh5 28. g4+ Kxg4 29. Rxg7+ Kh5 30. Rxh7+ Kg4 31. Rg1+ Kh3 32.
Rhg7 Rg8 33. R1g3+ Kh2 34. Rf3+ 1-0

[Event "4NCL/Div4/PPA2 vs. OXF3"]
[Site "Sunningdale ENG"]
[Date "2007.05.26"]
[Round "9.6"]
[White "Henbest, Kevin B"]
[Black "Jeffries, Majid"]
[Result "0-1"]
[WhiteElo "1800"]
[BlackElo "2012"]
[PlyCount "76"]
[EventDate "2007.05.26"]
[EventType "team"]
[EventRounds "11"]
[EventCountry "ENG"]
[WhiteTeam "Oxford 3"]
[BlackTeam "Poisnd Pawns 2"]

1. e4 c5 2. Nf3 d6 3. d4 cxd4 4. Nxd4 Nf6 5. Nc3 a6 6. f4 Qc7 7. Bd3 b5 8. a3
Bb7 9. O-O Qb6 10. Kh1 Nbd7 11. Be3 e6 12. Qe2 Qc7 13. Bd2 Be7 14. Rae1 Qc5 15.
Nf3 Qh5 16. e5 dxe5 17. fxe5 Ng4 18. Be4 Bxe4 19. Qxe4 O-O 20. h3 Nh6 21. b4
Rfd8 22. Ne2 Rac8 23. Nf4 Qf5 24. Nd4 Qxe4 25. Rxe4 Nb6 26. Rf3 Nc4 27. Bc1 Nf5
28. Nfe2 Nxd4 29. Nxd4 Nxe5 30. Rf2 Ng6 31. Bb2 Rc4 32. c3 e5 33. Rd2 exd4 34.
cxd4 Bf6 35. h4 Nxh4 36. Rde2 g6 37. Rxh4 Bxh4 38. d5 f5 0-1

[Event "4NCL/Div4/WEA2 vs. OXF2"]
[Site "Sunningdale ENG"]
[Date "2007.05.26"]
[Round "9.1"]
[White "Galliano, Alex"]
[Black "Smallbone, Kieran"]
[Result "0-1"]
[WhiteElo "2083"]
[BlackElo "2223"]
[PlyCount "132"]
[EventDate "2007.05.26"]
[EventType "team"]
[EventRounds "11"]
[EventCountry "ENG"]
[WhiteTeam "W Collective 2"]
[BlackTeam "Oxford 2"]

1. e4 c6 2. d3 d5 3. Nd2 e5 4. Ngf3 Bd6 5. g3 Nf6 6. Bg2 O-O 7. O-O Re8 8. c3
a5 9. Re1 Bg4 10. Qc2 Nbd7 11. Nf1 dxe4 12. dxe4 Nc5 13. Ne3 Bh5 14. Nf5 Bf8
15. Bg5 Qd3 16. Qxd3 Nxd3 17. Re2 Nd7 18. Rd2 N3c5 19. Be3 {=} Nb6 20. Bxc5
Bxc5 21. Nd6 Bxd6 22. Rxd6 f6 23. b3 a4 24. b4 {=} a3 25. b5 Nc4 26. Rd7 cxb5
27. Rxb7 Rab8 28. Rd7 Bg4 29. Rd3 Nb2 30. Rd2 Rec8 31. Rc2 b4 32. Nd2 Rxc3 33.
Rxc3 bxc3 34. Nb1 c2 35. Nxa3 Bd1 36. Bf1 Ra8 37. Nc4 {=} Rxa2 38. Rc1 Kf8 39.
Ne3 Ra8 40. Bb5 Rb8 41. Ba6 Rb6 42. Bf1 Rd6 43. Bb5 Rb6 44. Bf1 Rc6 45. Bb5 Rc5
46. Ba6 Bf3 47. Rxc2 {=} Rxc2 48. Nxc2 Bxe4 49. Ne1 Na4 50. Bd3 Bxd3 51. Nxd3
Ke7 52. Kg2 Kd6 53. g4 Nc5 54. Nc1 Ne6 55. Kf3 Kd5 56. h4 Nd4+ 57. Kg3 Ke4 58.
g5 f5 59. h5 g6 60. h6 Ne6 61. Kh4 Kf3 62. Nd3 Kg2 63. Nxe5 Nd4 64. Nxg6 hxg6
65. h7 Kh2 66. h8=R Nf3# 0-1

[Event "4NCL/Div4/WEA2 vs. OXF2"]
[Site "Sunningdale ENG"]
[Date "2007.05.26"]
[Round "9.2"]
[White "Rawlinson, Aidan"]
[Black "Bayliss, Lyall C P"]
[Result "1-0"]
[WhiteElo "2203"]
[BlackElo "1981"]
[PlyCount "55"]
[EventDate "2007.05.26"]
[EventType "team"]
[EventRounds "11"]
[EventCountry "ENG"]
[WhiteTeam "Oxford 2"]
[BlackTeam "W Collective 2"]

1. e4 e5 2. Nf3 Nc6 3. Bb5 a6 4. Bxc6 dxc6 5. O-O Bg4 6. h3 Bh5 7. g4 Bg6 8.
Nxe5 Qh4 9. Qf3 Bd6 10. Nxg6 hxg6 11. Kg2 O-O-O 12. d3 g5 13. Rh1 Ne7 14. Na3
Ng6 15. Qf5+ Kb8 16. Bxg5 Be7 17. Bxh4 Nxh4+ 18. Kg3 Nxf5+ 19. gxf5 Bd6+ 20.
Kf3 g5 21. Nc4 Bf4 22. h4 f6 23. hxg5 Bxg5 24. Rag1 Kc8 25. Ne3 Kd7 26. Ng4 Kd6
27. Kg3 Rdg8 28. f4 1-0

[Event "4NCL/Div4/WEA2 vs. OXF2"]
[Site "Sunningdale ENG"]
[Date "2007.05.26"]
[Round "9.3"]
[White "Lunn, Matt"]
[Black "Starkie, Ray"]
[Result "0-1"]
[WhiteElo "1865"]
[BlackElo "2150"]
[PlyCount "86"]
[EventDate "2007.05.26"]
[EventType "team"]
[EventRounds "11"]
[EventCountry "ENG"]
[WhiteTeam "W Collective 2"]
[BlackTeam "Oxford 2"]

1. d4 Nf6 2. c4 g6 3. Nc3 Bg7 4. e4 d6 5. Nf3 O-O 6. Be2 e5 7. O-O Na6 8. Re1
c6 9. h3 exd4 10. Nxd4 Nc5 11. Bf3 Qb6 12. Nde2 Be6 13. Rb1 a5 14. b3 Rad8 15.
Be3 Qb4 16. Bd2 Qb6 17. Be3 Qc7 18. Bf4 Ne8 19. Rc1 Be5 20. Bh6 {=} Ng7 21. Nf4
Bc8 22. Nd3 Nxd3 23. Qxd3 Rfe8 24. Ne2 Ne6 25. Bd2 b6 26. Bc3 Qe7 27. Qe3 Nc5
28. Nd4 Bd7 29. Bd1 Qh4 30. Nf3 Qf4 31. Bxe5 Qxe3 32. Rxe3 dxe5 33. a3 Bc8 34.
b4 axb4 35. axb4 Nd3 36. Rb1 Ba6 37. b5 cxb5 38. cxb5 Bb7 39. Re2 Ra8 40. Bc2
Nc5 41. Nd2 Ra2 42. Bb3 Nxb3 43. Rxb3 Rd8 0-1

[Event "4NCL/Div4/WEA2 vs. OXF2"]
[Site "Sunningdale ENG"]
[Date "2007.05.26"]
[Round "9.4"]
[White "Chapman, Graham W"]
[Black "Maguire, Robert"]
[Result "1/2-1/2"]
[WhiteElo "2105"]
[BlackElo "1795"]
[PlyCount "123"]
[EventDate "2007.05.26"]
[EventType "team"]
[EventRounds "11"]
[EventCountry "ENG"]
[WhiteTeam "Oxford 2"]
[BlackTeam "W Collective 2"]

1. e4 e5 2. Nf3 Nc6 3. Bb5 a6 4. Ba4 Nf6 5. d4 exd4 6. O-O Be7 7. Re1 O-O 8. e5
Nd5 9. Bb3 Nb6 10. Nxd4 Nxd4 11. Qxd4 d5 12. c3 Be6 13. Bf4 c5 14. Qd1 Bg5 15.
Bxg5 Qxg5 16. Nd2 Bg4 17. f3 Bd7 18. Qe2 Rae8 19. g3 f6 20. f4 Qg6 21. Qf2 fxe5
22. Qxc5 exf4 23. Bxd5+ Nxd5 24. Qxd5+ Rf7 25. Rxe8+ Bxe8 26. Re1 Qb6+ 27. Qd4
Qxd4+ 28. cxd4 Bc6 29. Kf2 fxg3+ 30. Kxg3 Rd7 31. Nb3 Rd6 32. Re2 Rg6+ 33. Kf4
Rf6+ 34. Ke5 Rf7 35. Nc5 g6 36. d5 Rf5+ 37. Ke6 Bxd5+ 38. Kd6 Bc6 39. Rd2 Kf7
40. Nd7 Bxd7 41. Kxd7 Rb5 42. Rf2+ Kg7 43. b3 h5 44. Ke7 Rf5 45. Re2 Kh6 46.
Ke6 h4 47. Rd2 Kh5 48. Rc2 Rf1 49. Rd2 Kg4 50. Rg2+ Kh3 51. Rxg6 Kxh2 52. Kd5
h3 53. Rg7 Rf2 54. a4 Kh1 55. Rxb7 Kg2 56. Rg7+ Kf1 57. Rh7 h2 58. b4 {=} Kg1
59. b5 Rf4 60. Rg7+ {=} Kh1 61. bxa6 Rxa4 62. a7 1/2-1/2

[Event "4NCL/Div4/WEA2 vs. OXF2"]
[Site "Sunningdale ENG"]
[Date "2007.05.26"]
[Round "9.5"]
[White "Gahir, Jasdeep"]
[Black "Scott, David A"]
[Result "0-1"]
[WhiteElo "1625"]
[BlackElo "2110"]
[PlyCount "142"]
[EventDate "2007.05.26"]
[EventType "team"]
[EventRounds "11"]
[EventCountry "ENG"]
[WhiteTeam "W Collective 2"]
[BlackTeam "Oxford 2"]

1. e4 c5 2. Nc3 g6 3. d4 cxd4 4. Qxd4 Nf6 5. Be3 Nc6 6. Qd2 Bg7 7. Bh6 O-O 8.
Bxg7 Kxg7 9. Bc4 a6 10. f3 b5 11. Bb3 d6 12. Nd5 e6 13. Nxf6 Qxf6 14. c3 Rd8
15. Ne2 Bb7 16. O-O d5 17. exd5 Ne7 18. d6 Nf5 19. Qf4 e5 20. Qb4 Ne3 21. Rfe1
Nxg2 22. Rf1 Ne3 23. Rf2 Rxd6 24. Ng3 Rad8 25. Ne4 Qf4 26. Ng3 Qg5 27. f4 exf4
28. Qxf4 Qxf4 29. Rxf4 Bd5 30. Ne4 Rc6 31. Re1 Bxb3 32. axb3 Rd1 33. Rxd1 Nxd1
34. Kg2 Nxb2 35. Rf3 a5 36. Kf2 a4 37. bxa4 bxa4 38. Nd2 Rxc3 39. Rxc3 Nd1+ 40.
Ke2 Nxc3+ 41. Kd3 Nd5 42. Kc2 f5 43. Kb2 Kf6 44. Ka3 Nb6 45. Kb4 Kg5 46. Kb5
Nd5 47. Kxa4 Kg4 48. Kb3 Kh3 49. Nf3 Kg2 50. Ng5 f4 51. Kc4 Nf6 52. Kd3 f3 53.
Nxf3 Kxf3 54. h4 Kg4 55. Ke3 Kxh4 56. Kf4 g5+ 57. Kf3 Kh3 58. Kf2 g4 59. Kf1
Kh2 60. Kf2 g3+ 61. Ke3 g2 62. Kd4 g1=Q+ 63. Ke5 Qg5+ 64. Kd4 Qd5+ 65. Kc3 Ne4+
66. Kb4 Qc5+ 67. Kb3 Qc3+ 68. Ka2 Qb4 69. Ka1 Nd2 70. Ka2 Qb3+ 71. Ka1 Qb1# 0-1

[Event "4NCL/Div4/WEA2 vs. OXF2"]
[Site "Sunningdale ENG"]
[Date "2007.05.26"]
[Round "9.6"]
[White "Bruce, Dave"]
[Black "Galliano, George"]
[Result "1-0"]
[WhiteElo "2025"]
[BlackElo "1580"]
[PlyCount "25"]
[EventDate "2007.05.26"]
[EventType "team"]
[EventRounds "11"]
[EventCountry "ENG"]
[WhiteTeam "Oxford 2"]
[BlackTeam "W Collective 2"]

1. e4 e5 2. Nf3 Nc6 3. Bc4 Bc5 4. b4 Bxb4 5. c3 Ba5 6. d4 exd4 7. O-O Nge7 8.
Ng5 O-O 9. Qh5 h6 10. Nxf7 Rxf7 11. Bxf7+ Kf8 12. Bb3 dxc3 13. Qf7# 1-0

[Event "4NCL/Div4/GLOSG vs. BCA"]
[Site "Sunningdale ENG"]
[Date "2007.05.26"]
[Round "9.1"]
[White "Hosken, Nigel"]
[Black "Mordue, A Tyson"]
[Result "0-1"]
[WhiteElo "1989"]
[BlackElo "2292"]
[PlyCount "105"]
[EventDate "2007.05.26"]
[EventType "team"]
[EventRounds "11"]
[EventCountry "ENG"]
[WhiteTeam "Glos Gambits"]
[BlackTeam "Braille C A"]

1. e4 c5 2. Nf3 d6 3. d4 cxd4 4. Nxd4 Nf6 5. Nc3 a6 6. Bg5 e6 7. f4 Qc7 8. Qf3
Nc6 9. O-O-O Bd7 10. Be2 O-O-O 11. Bxf6 gxf6 12. f5 Be7 13. Qh3 Nxd4 14. Rxd4
Kb8 15. Rhd1 Rc8 16. Bh5 Rcf8 17. Bg4 Qc8 18. Qd3 Ka7 19. Rc4 Qd8 20. a4 Qb6
21. Qh3 Rc8 22. Rxc8 Rxc8 23. fxe6 fxe6 24. Bxe6 Rxc3 25. bxc3 Bxa4 26. Bd5 f5
27. Qxf5 h6 28. Bb3 Bxb3 29. cxb3 Qxb3 30. Qf2+ Ka8 31. Rd5 Bg5+ 32. Rxg5 Qxc3+
33. Kd1 Qa1+ 34. Ke2 Qb2+ 35. Kf3 Qxf2+ 36. Kxf2 hxg5 37. g4 a5 38. h4 a4 39.
hxg5 a3 40. g6 a2 41. g7 a1=Q {=} 42. g8=Q+ Ka7 43. Qd5 Qh1 44. g5 b5 45. g6
Qh4+ 46. Kf3 Qh3+ 47. Kf4 Qh4+ 48. Kf5 Qh5+ 49. Kf6 Qh6 50. Kf7 b4 51. g7 b3
52. g8=Q Qf4+ 53. Qf5 0-1

[Event "4NCL/Div4/GLOSG vs. BCA"]
[Site "Sunningdale ENG"]
[Date "2007.05.26"]
[Round "9.2"]
[White "Ross, Chris"]
[Black "Lambourne, Daniel M"]
[Result "1/2-1/2"]
[WhiteElo "2135"]
[BlackElo "2080"]
[PlyCount "81"]
[EventDate "2007.05.26"]
[EventType "team"]
[EventRounds "11"]
[EventCountry "ENG"]
[WhiteTeam "Braille C A"]
[BlackTeam "Glos Gambits"]

1. c4 e6 2. Nf3 Nf6 3. Nc3 d5 4. cxd5 exd5 5. e3 c6 6. Be2 Bd6 7. d4 Qe7 8. Qc2
O-O 9. Bd3 Re8 10. Bf5 Nbd7 11. O-O Ne4 12. g3 Nf8 13. Bxc8 Raxc8 14. Nh4 Qd7
15. f3 Nxc3 16. bxc3 c5 17. Qd3 Ne6 18. Bd2 cxd4 19. cxd4 Qa4 20. Qb3 Qxb3 21.
axb3 Rc2 22. Rfd1 a6 23. Ng2 Rec8 24. Ne1 Rb2 25. Rab1 Rxb1 26. Rxb1 Rc6 27.
Kf2 f5 28. Ke2 Kf7 29. Nd3 Nc7 30. b4 Nb5 31. Rc1 Rxc1 32. Nxc1 Ke6 33. Kd3 h5
34. Nb3 b6 35. Nc1 g6 36. Ne2 Na7 37. e4 fxe4+ 38. fxe4 dxe4+ 39. Kxe4 Nb5 40.
Nc1 Nc7 41. Nd3 1/2-1/2

[Event "4NCL/Div4/GLOSG vs. BCA"]
[Site "Sunningdale ENG"]
[Date "2007.05.26"]
[Round "9.3"]
[White "Dodwell, Phil"]
[Black "Loftus, Sean"]
[Result "1/2-1/2"]
[WhiteElo "2065"]
[BlackElo "1905"]
[PlyCount "70"]
[EventDate "2007.05.26"]
[EventType "team"]
[EventRounds "11"]
[EventCountry "ENG"]
[WhiteTeam "Glos Gambits"]
[BlackTeam "Braille C A"]

1. c4 f5 2. d4 e6 3. Nc3 Bb4 4. Bd2 Nf6 5. g3 O-O 6. Bg2 a5 7. Nf3 d6 8. O-O
Qe7 9. e3 Nbd7 10. Qe2 Bxc3 11. Bxc3 Ne4 12. Rac1 e5 13. Rfd1 Nxc3 14. Rxc3 e4
15. Ne1 Nf6 16. b3 Bd7 17. Rb1 Ra7 18. Rcc1 Kh8 19. Nc2 c6 20. a3 Rc8 21. b4 b5
22. bxa5 Rxa5 23. Qd2 Raa8 24. Qb4 Ra4 25. Qb3 Rxc4 26. Bf1 Ra4 27. Nb4 Raa8
28. Rc2 Qe8 29. Rbc1 Ng8 30. Rc3 Ne7 31. Qc2 Ra5 32. Be2 Rca8 33. Qb2 Rb8 34.
Bf1 Rba8 35. Be2 Rb8 1/2-1/2